000 00795cad a22001935a 4500
001 L153455
008 110729s2006 xxk 000 0 eng u
035 _a(Sirsi) u153455
110 _aUnited Kingdom
_bDepartment of Trade and Industry
245 0 3 _aAn introduction to Private Finance Initiatives
_bPFI
_h[electronic resource]
260 _a[S.l.]
_bDTI
_c2006
490 0 _aURN
_v06/896
520 _aExplains the characteristics of PFIs which are an approach the Government sometimes uses to procure construction projects and other services.
650 _aPRIVATE FINANCE INITIATIVES
651 4 _aUnited Kingdom
_y
690 _aBUILT ENVIRONMENT-CONSTRUCTION MARKET
856 4 0 _uhttps://www.bis.gov.uk/files/file26067.pdf
_zView this item free of charge at www.bis.gov.uk
942 _n0
999 _c112525
_d112525